Music Quiz

Random Music or Song Quiz
Score 0/50 Timer 10:00
0 Plays Today
Hint Song % Correct
FRUITY SONGSTutti Frutti
100%
FRUITY SONGSStrawberry Fields Forever
85.7%
FRUITY SONGSLemon
85.7%
FRUITY SONGSOrange Crush
71.4%
BAKERY SONGSAmerican Pie
71.4%
PLACES TO EATTom's Diner
71.4%
PLACES TO EATCandy Shop
71.4%
PLACES TO EATScenes From An Italian Restaurant
71.4%
FRUITY SONGSWatermelon Sugar
57.1%
FRUITY SONGSPeaches
57.1%
FRUITY SONGSBanana Boat Song
57.1%
SAVOURY SONGSCinnamon Girl
57.1%
VEGAN SONGSGreen Onions
57.1%
DRINKING SONGSTequila
57.1%
DRINKING SONGSMilkshake
57.1%
MEATY SONGSCold Turkey
42.9%
MEATY SONGSThe Spam Song
42.9%
BAKERY SONGSCherry Pie
42.9%
VEGAN SONGSCoconut
42.9%
DRINKING SONGSOne Bourbon, One Scotch, One Beer
42.9%
DRINKING SONGSGin And Juice
42.9%
DRINKING SONGSTequila Sunrise
42.9%
FRUITY SONGSOne Bad Apple
28.6%
SWEET SONGSI Want Candy
28.6%
SWEET SONGSSugar, We're Goin' Down
28.6%
Hint Song % Correct
SAVOURY SONGSMean Mr Mustard
28.6%
BAKERY SONGSRoll With It
28.6%
BAKERY SONGSCake By The Ocean
28.6%
DRINKING SONGSStreams Of Whiskey
28.6%
SWEET SONGSJammin' Me
14.3%
SAVOURY SONGSVindaloo
14.3%
MEATY SONGSBeef Jerky
14.3%
MEATY SONGSMary Had A Little Lamb
14.3%
BAKERY SONGSChocolate Cake
14.3%
DRINKING SONGSLittle Old Wine Drinker Me
14.3%
DRINKING SONGSBlack Coffee In Bed
14.3%
PLACES TO EATThere's A Guy Works Down The Chip Shop Swears He's Elvis
14.3%
FRUITY SONGSCherry Oh Baby
0%
FRUITY SONGSClementine
0%
SWEET SONGSChocolate Girl
0%
SWEET SONGSMy Boy Lollipop
0%
SAVOURY SONGSLife Is A Minestrone
0%
SAVOURY SONGSToast
0%
MEATY SONGSChicken Payback
0%
VEGAN SONGSNut Rocker
0%
VEGAN SONGSThe Ballad Of Peter Pumpkinhead
0%
VEGAN SONGSBeans For Breakfast
0%
DRINKING SONGSMarguerita Time
0%
DRINKING SONGSMilk And Alcohol
0%
PLACES TO EATAmerican Honky Tonk Bar Association
0%
Remove Ads.
Support Sporcle.
Get the best of Sporcle when you Go Orange. This ad-free experience offers more features, more stats, and more fun while also helping to support Sporcle. Thank you for becoming a member.

You're not logged in!

Compare scores with friends on all Sporcle quizzes.
OR
Log In

Sporcle TV

Today on Sporcle TV


Watch our educational content, quiz creation guides, and fun videos on Sporcle TV.

Show Comments

Extras

Top Quizzes Today


Score Distribution

Paid Content

Your Account Isn't Verified!

In order to create a playlist on Sporcle, you need to verify the email address you used during registration. Go to your Sporcle Settings to finish the process.

Report this User

Report this user for behavior that violates our Community Guidelines.

Details: